Statistiques concernant Les featurings de Maes

Cliquez ici pour prendre le quiz!

Statistiques générales

  • Ce quiz a été pris 183 fois
  • Le résultat moyen est 25 sur 43

Statistiques - réponses

DépartementArtistesSons% Correct
92BoobaMadrina (2018), Blanche (2020), VVV (2021), Platine o Plomo (2021), Pablo (2022)
99%
91NinhoDistant (2020)
96%
91Koba LaDMatin (2019), Coffre plein (2020), Velar (2023), La danse du roro (2023)
94%
13JulDybala (2020)
93%
93ZedWeed (2018), Coffre plein (2020), Mardi gras (2021)
84%
91NiskaBlue Magic (2021), B22 (2023)
83%
92SDMPassat (2021)
81%
94LacrimBoston George (2020)
79%
92PLKCartelo (2019)
75%
45DossehL'odeur du charbon (2019), L'odeur du charbon Remix (2020)
74%
13NapsPourcent (2020), La danse du roro (2023)
74%
93GazoLa Pègre (2023)
72%
75GimsMalembé (2023)
70%
77RKEuros (2020), Petit cœur (2021)
69%
93TiakolaMardi gras (2021)
69%
91ZiakRhum & machette (2021)
69%
59ZKRKalenji (2021)
69%
UnknownBenabRude (2019), Sourire (2020), Faya (2021), Andale (2021)
65%
91Bolémvn10K (2020), Dis pas mon nom (2021)
64%
93TimalAilleurs (2020)
63%
93WerenoiSelfie (2022)
63%
93DA UziNounou (2018), Le dire (2020)
57%
13Soso ManessParapluie (2022)
53%
ESPMoradCriminel (2023)
51%
93Hornet La FrappeMaison d'arrêt (2021)
49%
UnknownDabs42 by Night (2018), Tes rêves (2019)
48%
41NiroStupéfiant (2019)
47%
94OBOYLe maire (2021)
47%
9313 BlockRiina Toto (2020)
46%
93ValdASB (2019)
46%
94KAZABéni (2020), N26 (2021)
45%
75LetoDerrière nos tours (2021)
43%
94Fresh laDouilleBénéfice (2023)
42%
UnknownBaby GangMocro Mafia (2023)
41%
67LarryColis (2021)
37%
91BramsitoMPLT (2021)
36%
91MigViser la lune (2023)
35%
93DinosL'odeur du charbon Remix (2020)
31%
06Kayna SametBoîte à Gants (2023)
31%
UnknownYNSHypocrite (2021)
26%
UnknownNejPanama (2023)
23%
UnknownSoftoDLB (2023)
17%
UnknownPICOSymphonie (2021)
15%

Distribution des résultats

Percentile par nombre de réponses

% des personnes avec chaque résultat

Votre développement - résultats

Vous n’avez pas pris ce quiz